Une lettre suffit pour répondre juste #63 (attention 10 lettres tuent) - Statistiques

Statistiques générales
  • Ce quiz a été pris 44 fois
  • Le résultat moyen est 3 sur 6
Statistiques - réponses
Hint Réponse % Correct
Donne une des 5 lettres de l'adjectif qui qualifie un saut en longueur quand l'athlète touche la plasticine positionnée juste après la planche d'appel et dépasse donc la ligne d'appel : essai _ _ _ _ _ MORDU
100%
Donne une des 4 lettres qui complète le nom de la marine de guerre des États-Unis (qui représente l'une des six composantes des Forces armées des États-Unis) : US _ _ _ _ NAVY
89%
Donne une des 3 lettres des initiales de ce philosophe souvent entarté
BHL
47%
Donne une des 2 lettres de l'abrégé du terme qui désigne l'endroit où les plus importantes fonctions / sinon toutes / d'une organisation sont concentrées notamment en campagne électorale : _ _ QG
39%
Donne la lettre par laquelle commence le nom de 4 des 12 communes les plus peuplées des Hauts de Seine en 2022 C (Colombes, Courbevoie, Clichy, Clamart)
6%
Donne la lettre qui symbolise le préfixe multipliant par mille milliards T (Téra)
3%
Aucun quiz correspondant
Distribution des résultats
% des personnes avec chaque résultat
Percentile par nombre de réponses
Votre historique - résultats
Vous n’avez pas pris ce quiz